MARC details
| 000 -LEADER |
| campo de control de longitud fija |
02250cam a2200469 a 4500 |
| 001 - NÚMERO DE CONTROL |
| campo de control |
109545 |
| 005 - FECHA Y HORA DE LA ÚLTIMA TRANSACCIÓN |
| campo de control |
20230404125800.0 |
| 008 - DATOS DE LONGITUD FIJA--INFORMACIÓN GENERAL |
| campo de control de longitud fija |
070808s2008 dcub b 001 0 eng |
| 035 ## - NÚMERO DE CONTROL DEL SISTEMA |
| Número de control de sistema |
14957764 |
| 010 ## - NÚMERO DE CONTROL DE LA BIBLIOTECA DEL CONGRESO |
| Número de control de LC |
2007032944 |
| 015 ## - NÚMERO DE BIBLIOGRAFÍA NACIONAL |
| Número de bibliografía nacional |
GBA779724 |
| Fuente |
bnb |
| 016 7# - NÚMERO DE CONTROL DE UNA AGENCIA BIBLIOGRÁFICA NACIONAL |
| Número de control del registro |
014052106 |
| Fuente |
Uk |
| 020 ## - NÚMERO INTERNACIONAL ESTÁNDAR DEL LIBRO |
| Número Internacional Estándar del Libro |
9781601270245 (hardcover : alk. paper) |
| 020 ## - NÚMERO INTERNACIONAL ESTÁNDAR DEL LIBRO |
| Número Internacional Estándar del Libro |
1601270240 (hardcover : alk. paper) |
| 035 ## - NÚMERO DE CONTROL DEL SISTEMA |
| Número de control de sistema |
(OCoLC)ocn165478205 |
| 035 ## - NÚMERO DE CONTROL DEL SISTEMA |
| Número de control de sistema |
(OCoLC)165478205 |
| 040 ## - FUENTE DE CATALOGACIÓN |
| Centro catalogador/agencia de origen |
DLC |
| Centro/agencia transcriptor |
DLC |
| Centro/agencia modificador |
BTCTA |
| -- |
BAKER |
| -- |
YDXCP |
| -- |
UKM |
| -- |
C#P |
| -- |
DLC |
| 043 ## - CÓDIGO DE ÁREA GEOGRÁFICA |
| Código de área geográfica |
n-us--- |
| -- |
a-af--- |
| 050 14 - SIGNATURA TOPOGRÁFICA DE LA BIBLIOTECA DEL CONGRESO |
| Número de clasificación |
002 E 183.8 |
| Número de ítem |
G984h 2008 |
| 082 00 - NÚMERO DE LA CLASIFICACIÓN DECIMAL DEWEY |
| Número de clasificación |
327.730581 |
| 100 1# - ENTRADA PRINCIPAL--NOMBRE DE PERSONA |
| Nombre de persona |
Gutman, Roy. |
| 245 10 - MENCIÓN DEL TÍTULO |
| Título |
How we missed the story : |
| Resto del título |
Osama bin Laden, the Taliban, and the hijacking of Afghanistan / |
| Mención de responsabilidad, etc. |
Roy Gutman. |
| 260 ## - PUBLICACIÓN, DISTRIBUCIÓN, ETC. |
| Lugar de publicación, distribución, etc. |
Washington, D.C. : |
| Nombre del editor, distribuidor, etc. |
United States Institute of Peace, |
| Fecha de publicación, distribución, etc. |
2008. |
| 300 ## - DESCRIPCIÓN FÍSICA |
| Extensión |
xvii, 321 p. : |
| Otras características físicas |
map ; |
| Dimensiones |
24 cm. |
| 504 ## - NOTA DE BIBLIOGRAFÍA, ETC. |
| Nota de bibliografía, etc. |
Includes bibliographical references and index. |
| 505 0# - NOTA DE CONTENIDO CON FORMATO |
| Nota de contenido con formato |
Introduction: The death of foreign policy? -- Comrades: the end! (1989) -- A half solution (1989-1992) -- With Massoud (1992-1994) -- "A very exciting development" (1994-1996) -- "An endless tragedy of epic proportions" (1997) -- "Silence cannot be the strategy" (1998) -- Hijacking a regime (1999) -- Coasting toward catastrophe (2000-2001) -- Human rights under Massoud and the Taliban -- Radicalization without response -- Epilogue: Clemenceau revisited. |
| 651 #0 - PUNTO DE ACCESO ADICIONAL DE MATERIA--NOMBRE GEOGRÁFICO |
| Nombre geográfico |
United States |
| Subdivisión general |
Foreign relations |
| Subdivisión geográfica |
Afghanistan. |
| 651 #0 - PUNTO DE ACCESO ADICIONAL DE MATERIA--NOMBRE GEOGRÁFICO |
| Nombre geográfico |
Afghanistan |
| Subdivisión general |
Foreign relations |
| Subdivisión geográfica |
United States. |
| 651 #0 - PUNTO DE ACCESO ADICIONAL DE MATERIA--NOMBRE GEOGRÁFICO |
| Nombre geográfico |
United States |
| Subdivisión general |
Foreign relations |
| Subdivisión cronológica |
1989- |
| 651 #0 - PUNTO DE ACCESO ADICIONAL DE MATERIA--NOMBRE GEOGRÁFICO |
| Nombre geográfico |
Afghanistan |
| Subdivisión general |
History |
| Subdivisión cronológica |
1989-2001. |
| 650 #4 - PUNTO DE ACCESO ADICIONAL DE MATERIA--TÉRMINO DE MATERIA |
| Término de materia o nombre geográfico como elemento de entrada |
Estados Unidos |
| Subdivisión general |
Relaciones Exteriores |
| Subdivisión geográfica |
Afganistán. |
| 650 #4 - PUNTO DE ACCESO ADICIONAL DE MATERIA--TÉRMINO DE MATERIA |
| Término de materia o nombre geográfico como elemento de entrada |
Afganistán |
| Subdivisión general |
Relaciones Exteriores |
| Subdivisión geográfica |
Estados Unidos. |
| 650 #4 - PUNTO DE ACCESO ADICIONAL DE MATERIA--TÉRMINO DE MATERIA |
| Término de materia o nombre geográfico como elemento de entrada |
Estados Unidos |
| Subdivisión general |
Relaciones Exteriores |
| Subdivisión cronológica |
1989. |
| 650 #4 - PUNTO DE ACCESO ADICIONAL DE MATERIA--TÉRMINO DE MATERIA |
| Término de materia o nombre geográfico como elemento de entrada |
Afganistán |
| Subdivisión general |
Historia |
| Subdivisión cronológica |
1989-2001. |
| 600 10 - PUNTO DE ACCESO ADICIONAL DE MATERIA--NOMBRE DE PERSONA |
| Nombre de persona |
Mas·ud, Achmadshoch, |
| Fechas asociadas al nombre |
1953-2001. |
| 600 10 - PUNTO DE ACCESO ADICIONAL DE MATERIA--NOMBRE DE PERSONA |
| Nombre de persona |
Bin Laden, Osama, |
| Fechas asociadas al nombre |
1957-2011. |
| 610 20 - PUNTO DE ACCESO ADICIONAL DE MATERIA--NOMBRE DE ENTIDAD CORPORATIVA |
| Nombre de entidad corporativa o nombre de jurisdicción como elemento de entrada |
Taliban. |
| 650 #0 - PUNTO DE ACCESO ADICIONAL DE MATERIA--TÉRMINO DE MATERIA |
| Término de materia o nombre geográfico como elemento de entrada |
September 11 Terrorist Attacks, 2001. |
| 650 #0 - PUNTO DE ACCESO ADICIONAL DE MATERIA--TÉRMINO DE MATERIA |
| Término de materia o nombre geográfico como elemento de entrada |
Terrorism |
| Subdivisión general |
Government policy |
| Subdivisión geográfica |
United States. |
| 856 41 - LOCALIZACIÓN Y ACCESO ELECTRÓNICOS |
| Materiales especificados |
Table of contents only |
| Identificador Uniforme de Recursos |
<a href="http://www.loc.gov/catdir/toc/ecip0724/2007032944.html">http://www.loc.gov/catdir/toc/ecip0724/2007032944.html</a> |
| 942 ## - ELEMENTOS DE ENTRADA SECUNDARIOS (KOHA) |
| Fuente del sistema de clasificación o colocación |
Clasificación de Library of Congress |
| Tipo de ítem Koha |
|